Preston North End Trivia - Statistics

General Stats
  • This quiz has been taken 27 times
  • The average score is 11 of 15
Answer Stats
Question Answer % Correct
What is the name of Preston North End’s stadium? Deepdale Stadium
100%
Who is the current manager of Preston North End? Paul Heckingbottom
100%
With which club does Preston North End contest the West Lancashire Derby? Blackpool
94%
What is Preston North End’s nickname? The {Lilywhites}
94%
In 1887, Preston North End beat Hyde FC in the First Round of the FA Cup by how many goals to nil, setting the record for the largest margin of victory in an English football match at FA Cup or League level? 26
83%
Who is the current captain of Preston North End? Ben Whiteman
83%
Which future football icon played 5 games for Preston North End on loan from Manchester United in 1995? David Beckham
83%
Who is Preston North End’s record signing, arriving from Cádiz for £2.13m in 2023? Milutin Osmajić
83%
Preston North End gained what nickname after winning the league and cup double in 1888/89 without losing a game? The Invincibles
78%
Preston North End were founding members and winners of the first two editions of which competition? The Football League
72%
Which Englishman is Preston North End’s record goalscorer with 210? Tom Finney
72%
Who is Preston North End’s record sale, departing to West Ham United for £10m in 2018? Jordan Hugill
67%
Who scored a hat-trick for Preston North End as they defeated Swindon Town 4-0 in the 2015 League One Play-Off Final? Jermaine Beckford
61%
Which Englishman is Preston North End’s record appearance-maker with 511? Alan Kelly Sr
39%
Which team did Preston North End beat 1-0 in the 1938 FA Cup Final, thanks to a 119th-minute George Mutch penalty? Huddersfield Town
28%
No matching quizzes found
Score Distribution
Percent of People with Each Score
Percentile by Number Answered
Your Score History
You have not taken this quiz